Management (Record no. 33654)
[ view plain ]
| 000 -LEADER | |
|---|---|
| fixed length control field | 00380nam a22001697a 4500 |
| 005 - DATE AND TIME OF LATEST TRANSACTION | |
| control field | 20230921124520.0 |
| 008 - FIXED-LENGTH DATA ELEMENTS--GENERAL INFORMATION | |
| fixed length control field | 230919b |||||||| |||| 00| 0 eng d |
| 082 ## - DEWEY DECIMAL CLASSIFICATION NUMBER | |
| Classification number | 658 |
| Item number | ROB-M |
| 100 ## - MAIN ENTRY--AUTHOR | |
| Author Name | Robbins,Stephen P. |
| 245 ## - TITLE STATEMENT | |
| Title | Management |
| 250 ## - EDITION STATEMENT | |
| Edition statement | 10th.ed |
| 300 ## - PHYSICAL DESCRIPTION | |
| Pages | 542 |
| 500 ## - GENERAL NOTE | |
| General note | Include Index |
| 650 ## - SUBJECT ADDED ENTRY--TOPICAL TERM | |
| Subject / Department | Management |
| 700 ## - ADDED ENTRY--PERSONAL NAME | |
| Personal name | Stephen P.Robbins |
| 952 ## - LOCATION AND ITEM INFORMATION (KOHA) | |
| -- | 0 |
| -- | 0 |
| Lost status | Damaged status | Permanent Location | Current Location | Shelving Location | Date acquired | Full Call Number | Accession No./Barcode | Date last seen | item type |
|---|---|---|---|---|---|---|---|---|---|
| Superior Information Resource Center (SIRC) Superior University- Main Campus | Superior Information Resource Center (SIRC) Superior University- Main Campus | Management | 09/19/2023 | 658 ROB-M | 20557 | 09/19/2023 | BOOK |
